[Event "Manaus P10 Challenge 4th"]
[Site "Manaus"]
[Date "2023.12.03"]
[Round "4"]
[White "Samuel, Mauricio Antonio So"]
[Black "Farias, Sergio Luiz Cardoso"]
[Result "0-1"]
[WhiteElo "1684"]
[BlackElo "1465"]
[PlyCount "57"]
[EventDate "2023.12.01"]
[EventType "tourn"]
[EventRounds "9"]
[EventCountry "BRA"]
[SourceTitle "CB51_2023"]
[SourceDate "2023.12.20"]
[SourceVersion "1"]
[SourceVersionDate "2023.12.20"]
[SourceQuality "1"]

1. d4 Nf6 2. c4 g6 3. Nc3 Bg7 4. e4 d6 5. Nf3 Nbd7 6. Be2 c5 7. Be3 Ng4 8. 0-0 Nxe3 9. fxe3 0-0 10. Qd3 Qb6 11. Nd5 Qd8 12. Rab1 e6 13. Nc3 a6 14. b4 b6 15. Rfd1 f5 16. exf5 Rxf5 17. Qe4 d5 18. Qxe6+ Kh8 19. Qc6 Ra7 20. Nxd5 Bb7 21. Qe6 Nf8 22. Qxb6 Qxb6 23. Nxb6 Be4 24. Rb2 cxd4 25. exd4 Nd7 26. Nd2 Bxd4+ 27. Kh1 Bxb2 28. Nxe4 Nxb6 29. g4 0-1

[Event "Manaus P10 Challenge 4th"]
[Site "Manaus"]
[Date "2023.12.02"]
[Round "2"]
[White "E Souza, Andre H Montenegro"]
[Black "Farias, Sergio Luiz Cardoso"]
[Result "0-1"]
[WhiteElo "1550"]
[BlackElo "1465"]
[PlyCount "38"]
[EventDate "2023.12.01"]
[EventType "tourn"]
[EventRounds "9"]
[EventCountry "BRA"]
[SourceTitle "CB51_2023"]
[SourceDate "2023.12.20"]
[SourceVersion "1"]
[SourceVersionDate "2023.12.20"]
[SourceQuality "1"]

1. e4 d5 2. exd5 Nf6 3. d4 c6 4. Bd3 Nxd5 5. Ne2 Bg4 6. f3 Bh5 7. c3 Nd7 8. Ng3 Bg6 9. 0-0 e5 10. Re1 Qb6 11. Qe2 0-0-0 12. Bxg6 hxg6 13. Rd1 Bd6 14. c4 exd4 15. Qf2 Ne3 16. Bxe3 dxe3 17. Qe2 Nf6 18. Nc3 Bxg3 19. hxg3 Rd2 0-1

[Event "Manaus op 2nd"]
[Site "Manaus"]
[Date "2023.10.17"]
[Round "9"]
[White "Silverio, Vitor Luis de Jesus"]
[Black "Farias, Sergio Luiz Cardoso"]
[Result "1-0"]
[WhiteElo "1802"]
[BlackElo "1443"]
[PlyCount "73"]
[EventDate "2023.10.11"]
[EventType "swiss"]
[EventRounds "9"]
[EventCountry "BRA"]
[SourceTitle "Mega2024 Update 01"]
[Source "Chessbase"]
[SourceDate "2023.11.12"]
[SourceVersion "1"]
[SourceVersionDate "2023.11.12"]
[SourceQuality "1"]

1. e4 Nc6 2. Nf3 e5 3. Bb5 d6 4. d4 a6 5. Bxc6+ bxc6 6. dxe5 Bg4 7. Bf4 Qb8 8. b3 Qb4+ 9. Nbd2 d5 10. h3 dxe4 11. hxg4 exf3 12. Qxf3 Qb5 13. a4 Qb6 14. 0-0 Bb4 15. Nc4 Qb7 16. c3 Bc5 17. Na5 Qb6 18. Nxc6 Rc8 19. b4 Be7 20. Rfe1 g5 21. Be3 Qb7 22. Bd4 h5 23. gxh5 Rh7 24. g4 Rd8 25. Qe4 Rxd4 26. Nxd4 Qxe4 27. Rxe4 c5 28. Nf5 cxb4 29. cxb4 Nh6 30. Nxe7 Kxe7 31. b5 axb5 32. axb5 Rh8 33. Ra6 Kd7 34. Rc6 Ng8 35. Rd4+ Ke8 36. Rc8+ Ke7 37. b6 1-0

[Event "Manaus Expert op"]
[Site "Manaus"]
[Date "2023.09.24"]
[Round "4"]
[White "Farias, Sergio Luiz Cardoso"]
[Black "Parente Neto, Alfran Gomes De A"]
[Result "1/2-1/2"]
[WhiteElo "1424"]
[BlackElo "1800"]
[PlyCount "61"]
[EventDate "2023.09.22"]
[EventType "swiss"]
[EventRounds "5"]
[EventCountry "BRA"]
[SourceTitle "EXT 2024"]
[Source "ChessBase"]
[SourceDate "2023.10.10"]
[SourceVersion "1"]
[SourceVersionDate "2023.10.10"]
[SourceQuality "1"]

1. d4 Nf6 2. Nf3 d5 3. e3 e6 4. Bd3 Nbd7 5. 0-0 Be7 6. Nbd2 0-0 7. Qe2 c6 8. c3 Re8 9. Re1 b6 10. e4 dxe4 11. Nxe4 Bb7 12. Bf4 c5 13. Rad1 Rc8 14. Bd6 Nxe4 15. Bxe7 Qxe7 16. Bxe4 Bxe4 17. Qxe4 Nf6 18. Qe2 Red8 19. Ne5 Nd7 20. dxc5 Rxc5 21. Nd3 Rd5 22. Nb4 Rc5 23. Nd3 Rd5 24. Nf4 Re5 25. Qd2 Rxe1+ 26. Rxe1 Nc5 27. Qe2 Qd6 28. g3 Qd2 29. Kg2 g6 30. Qxd2 Rxd2 31. Re2 1/2-1/2

[Event "Manaus Expert op"]
[Site "Manaus"]
[Date "2023.09.22"]
[Round "1"]
[White "Da Penha, Cecilia Batista"]
[Black "Farias, Sergio Luiz Cardoso"]
[Result "0-1"]
[WhiteElo "1759"]
[BlackElo "1424"]
[PlyCount "78"]
[EventDate "2023.09.22"]
[EventType "swiss"]
[EventRounds "5"]
[EventCountry "BRA"]
[SourceTitle "EXT 2024"]
[Source "ChessBase"]
[SourceDate "2023.10.10"]
[SourceVersion "1"]
[SourceVersionDate "2023.10.10"]
[SourceQuality "1"]

1. d4 g6 2. c4 Bg7 3. Nc3 Nf6 4. e4 d6 5. Nf3 Nbd7 6. Be2 b6 7. 0-0 Bb7 8. e5 dxe5 9. dxe5 Ne4 10. Nxe4 Bxe4 11. Ng5 Bf5 12. Bf3 Rb8 13. Bc6 Bxe5 14. Re1 Bd6 15. b3 0-0 16. Bxd7 Qxd7 17. Bb2 Rbd8 18. Ne4 Bxe4 19. Rxe4 Bxh2+ 20. Kxh2 Qxd1 21. Rxd1 Rxd1 22. Rxe7 Rd2 23. Rxc7 Rxb2 24. Rxa7 Rb8 25. Kg3 Kg7 26. f4 Kf6 27. Kf3 h5 28. g4 h4 29. g5+ Kg7 30. Kg4 Rh2 31. a4 Rd8 32. b4 Rd3 33. f5 Rg3+ 34. Kf4 Rf2+ 35. Ke5 Rxf5+ 36. Kd6 Rgxg5 37. a5 bxa5 38. b5 Rf6+ 39. Kc7 Rc5+ 0-1

[Event "Niteroi op 3rd"]
[Site "Niteroi"]
[Date "2023.09.04"]
[Round "1"]
[White "Okamura, Milton Kasuo"]
[Black "Farias, Sergio Luiz Cardoso"]
[Result "1-0"]
[WhiteElo "1966"]
[BlackElo "1424"]
[PlyCount "85"]
[EventDate "2023.09.04"]
[EventType "swiss"]
[EventRounds "9"]
[EventCountry "BRA"]
[SourceTitle "EXT 2024"]
[Source "ChessBase"]
[SourceDate "2023.10.10"]
[SourceVersion "1"]
[SourceVersionDate "2023.10.10"]
[SourceQuality "1"]

1. d4 Nf6 2. c4 g6 3. Nc3 d5 4. Bf4 Bg7 5. Nf3 0-0 6. Rc1 c6 7. e3 Bf5 8. Qb3 Qb6 9. Qxb6 axb6 10. cxd5 Nxd5 11. Nxd5 cxd5 12. a3 Nc6 13. Be2 f6 14. Bc7 e5 15. Bxb6 g5 16. h3 h5 17. 0-0 Bd7 18. dxe5 fxe5 19. Nxg5 Rf5 20. h4 Bh6 21. Rcd1 Ne7 22. e4 Rf6 23. Bc7 Ba4 24. exd5 Bxd1 25. Rxd1 Raf8 26. d6 Nc6 27. Bc4+ Kh8 28. Ne6 Rxe6 29. Bxe6 Bg7 30. d7 Bf6 31. Bd5 Nd8 32. g3 Kg7 33. a4 Kg6 34. Kg2 Kf5 35. f3 Be7 36. Re1 Bf6 37. b4 Ne6 38. Bxe6+ Kxe6 39. Rd1 Bd8 40. Bxd8 Rxd8 41. Kf2 Ke7 42. Ke3 Ke6 43. Ke4 1-0

[Event "Pan American-ch Seniors 65"]
[Site "Florianopolis"]
[Date "2022.06.26"]
[Round "9"]
[White "Farias, Sergio Luiz Cardoso"]
[Black "Tobar Salas, Juan Carlos"]
[Result "1-0"]
[WhiteElo "1471"]
[BlackElo "1347"]
[PlyCount "85"]
[EventDate "2022.06.21"]
[EventType "swiss"]
[EventRounds "9"]
[EventCountry "BRA"]
[SourceTitle "CBM 209 Extra"]
[Source "ChessBase"]
[SourceDate "2022.09.30"]
[SourceVersion "1"]
[SourceVersionDate "2022.09.30"]
[SourceQuality "1"]

1. d4 g6 2. f4 Bg7 3. e3 d6 4. Nf3 Nf6 5. Nbd2 0-0 6. Bd3 c5 7. c3 Nd5 8. Ne4 f5 9. Neg5 h6 10. Nh3 Kh7 11. 0-0 Nf6 12. Qe1 e5 13. fxe5 dxe5 14. Nxe5 Nfd7 15. Nxg6 Kxg6 16. Qg3+ Kh7 17. Bxf5+ Kh8 18. Nf4 Rxf5 19. Ng6+ Kh7 20. Rxf5 Nf6 21. Re5 Nc6 22. e4 Nxe5 23. Nxe5 Qe8 24. Qh4 b6 25. Bg5 Ng8 26. Rf1 Bxe5 27. dxe5 Qg6 28. Bd2 Bb7 29. Rf4 Re8 30. Qh3 Rxe5 31. Rg4 Qe6 32. Qg3 Ne7 33. Rg7+ Kh8 34. c4 Qd6 35. Rf7 Ng6 36. Be3 Qe6 37. Rxb7 Rxe4 38. Bd2 Qe5 39. Bc3 Rd4 40. Qxe5+ Nxe5 41. Bxd4 cxd4 42. Re7 Nxc4 43. b3 1-0

[Event "Pan American-ch Seniors 65"]
[Site "Florianopolis"]
[Date "2022.06.22"]
[Round "3"]
[White "Farias, Sergio Luiz Cardoso"]
[Black "Brito, Vicente de Paulo Al"]
[Result "0-1"]
[WhiteElo "1471"]
[BlackElo "1793"]
[PlyCount "36"]
[EventDate "2022.06.21"]
[EventType "swiss"]
[EventRounds "9"]
[EventCountry "BRA"]
[SourceTitle "CBM 209 Extra"]
[Source "ChessBase"]
[SourceDate "2022.09.30"]
[SourceVersion "1"]
[SourceVersionDate "2022.09.30"]
[SourceQuality "1"]

1. e4 e6 2. Nf3 d5 3. d4 dxe4 4. Ne5 Nf6 5. Be3 Nbd7 6. Bb5 c6 7. Nxd7 Bxd7 8. Be2 Nd5 9. Bd2 Bd6 10. Nc3 e3 11. Nxd5 exd2+ 12. Qxd2 exd5 13. 0-0-0 Qf6 14. Qe1 0-0-0 15. Rd3 Rhe8 16. Qf1 Re7 17. Rb3 Rde8 18. Ba6 Re1+ 0-1

[Event "Pan American-ch Seniors 65"]
[Site "Florianopolis"]
[Date "2022.06.21"]
[Round "2"]
[White "Boabaid, Jorge Alberto Duard"]
[Black "Farias, Sergio Luiz Cardoso"]
[Result "1-0"]
[WhiteElo "1733"]
[BlackElo "1471"]
[PlyCount "71"]
[EventDate "2022.06.21"]
[EventType "swiss"]
[EventRounds "9"]
[EventCountry "BRA"]
[SourceTitle "CBM 209 Extra"]
[Source "ChessBase"]
[SourceDate "2022.09.30"]
[SourceVersion "1"]
[SourceVersionDate "2022.09.30"]
[SourceQuality "1"]

1. e4 e6 2. d3 d5 3. Nd2 Nd7 4. Ngf3 e5 5. exd5 Ngf6 6. c4 Bd6 7. Ne4 Nxe4 8. dxe4 0-0 9. Bd3 a6 10. 0-0 Nc5 11. Bc2 f5 12. b4 Nxe4 13. c5 Be7 14. Nxe5 Bf6 15. Bb2 Re8 16. f4 a5 17. a3 g5 18. g3 Qe7 19. Bxe4 fxe4 20. d6 Qe6 21. d7 Bxd7 22. Qh5 Re7 23. Rad1 Be8 24. Qe2 gxf4 25. gxf4 Rg7+ 26. Kh1 Bc6 27. Qe3 Re8 28. Rg1 Qa2 29. Rxg7+ Bxg7 30. Bd4 Re6 31. Nxc6 bxc6 32. Bxg7 Kxg7 33. f5 Re5 34. Qg5+ Kf7 35. Rd7+ Ke8 36. Qd8# 1-0

[Event "Pan American-ch Seniors 65"]
[Site "Florianopolis"]
[Date "2022.06.21"]
[Round "1"]
[White "Farias, Sergio Luiz Cardoso"]
[Black "Okamura, Milton Kasuo"]
[Result "0-1"]
[WhiteElo "1471"]
[BlackElo "1965"]
[PlyCount "52"]
[EventDate "2022.06.21"]
[EventType "swiss"]
[EventRounds "9"]
[EventCountry "BRA"]
[SourceTitle "CBM 209 Extra"]
[Source "ChessBase"]
[SourceDate "2022.09.30"]
[SourceVersion "1"]
[SourceVersionDate "2022.09.30"]
[SourceQuality "1"]

1. d4 d5 2. e3 Nf6 3. Bd3 c5 4. c3 e6 5. Nd2 Nc6 6. f4 Be7 7. Ngf3 0-0 8. 0-0 Rb8 9. e4 dxe4 10. Nxe4 cxd4 11. Nxf6+ Bxf6 12. cxd4 Nxd4 13. Ng5 g6 14. h4 Nf5 15. h5 Qd4+ 16. Kh2 Rd8 17. Rf3 b6 18. Rh3 Bxg5 19. fxg5 Ba6 20. hxg6 hxg6 21. Bd2 Qe5+ 22. Kg1 Rxd3 23. Rxd3 Bxd3 24. Bc3 Qe3+ 25. Kh2 Qg3+ 26. Kg1 Nh4 0-1

[Event "BRA-ch 87th"]
[Site "Cuiaba"]
[Date "2021.10.30"]
[Round "4"]
[White "Farias, Sergio Luiz Cardoso"]
[Black "Dos Cinta Larga, Carlos Eduardo"]
[Result "0-1"]
[WhiteElo "1543"]
[BlackElo "1742"]
[PlyCount "122"]
[EventDate "2021.10.28"]
[EventType "swiss"]
[EventRounds "11"]
[EventCountry "BRA"]
[SourceTitle "CBM 205 Extra"]
[Source "ChessBase"]
[SourceDate "2022.01.31"]
[SourceVersion "1"]
[SourceVersionDate "2022.01.31"]
[SourceQuality "1"]

1. e4 c5 2. Nf3 d6 3. Bc4 Nc6 4. d3 Nf6 5. Ng5 e6 6. a3 d5 7. exd5 exd5 8. Qe2+ Be7 9. Bb5 Bd7 10. c3 0-0 11. 0-0 Nd4 12. cxd4 Bxb5 13. Nc3 Ba6 14. Be3 Nd7 15. Nf3 cxd4 16. Bxd4 Nc5 17. Rfe1 Ne6 18. b4 Rc8 19. Rac1 Nxd4 20. Qxe7 Nxf3+ 21. gxf3 Qxe7 22. Rxe7 d4 23. Ne2 Bxd3 24. Rxc8 Rxc8 25. Nxd4 h6 26. Nb3 Rc6 27. h3 Rg6+ 28. Kh2 Bf1 29. Re1 Rg2+ 30. Kh1 Rxf2 31. Kg1 Rxf3 32. Nd2 Rxh3 33. Kxf1 Rh1+ 34. Kf2 Rh2+ 35. Ke3 g5 36. a4 f5 37. Nc4 f4+ 38. Kf3 h5 39. Rg1 Rh3+ 40. Ke4 Rg3 41. Rxg3 fxg3 42. Kf3 h4 43. Ne3 Kf7 44. b5 Kg6 45. a5 Kh5 46. Kg2 g4 47. Nc4 Kg5 48. Ne5 Kf4 49. Nd3+ Ke4 50. Ne1 Ke3 51. b6 a6 52. Nc2+ Kf4 53. Nd4 h3+ 54. Kg1 Ke4 55. Nc2 Kd3 56. Nb4+ Ke2 57. Nd5 h2+ 58. Kg2 Kd3 59. Nb4+ Ke3 60. Nxa6 h1Q+ 61. Kxh1 Kf2 0-1

[Event "BRA-ch 87th"]
[Site "Cuiaba"]
[Date "2021.10.29"]
[Round "2"]
[White "Farias, Sergio Luiz Cardoso"]
[Black "Soares, Reynaldo Magalhaes"]
[Result "0-1"]
[WhiteElo "1543"]
[BlackElo "1886"]
[PlyCount "74"]
[EventDate "2021.10.28"]
[EventType "swiss"]
[EventRounds "11"]
[EventCountry "BRA"]
[SourceTitle "CBM 205 Extra"]
[Source "ChessBase"]
[SourceDate "2022.01.31"]
[SourceVersion "1"]
[SourceVersionDate "2022.01.31"]
[SourceQuality "1"]

1. e4 c5 2. Nf3 d6 3. Nc3 Nf6 4. d4 cxd4 5. Nxd4 a6 6. Bd3 g6 7. 0-0 Bg7 8. Bd2 0-0 9. Qc1 Nxe4 10. Nxe4 Bxd4 11. Bh6 Bg7 12. Bxg7 Kxg7 13. Qe3 Nc6 14. h4 Bf5 15. h5 Bxe4 16. Bxe4 Rc8 17. Rad1 e6 18. Qg3 d5 19. Rfe1 Qf6 20. Bf3 Nd4 21. c3 Nxf3+ 22. gxf3 Rc4 23. Qe5 Qxe5 24. Rxe5 Kf6 25. Rde1 g5 26. Kh2 Rh4+ 27. Kg3 h6 28. R5e3 Rxh5 29. f4 gxf4+ 30. Kxf4 Rf5+ 31. Kg4 Rg8+ 32. Kh4 Rxf2 33. Kh3 Rxb2 34. Rf1+ Ke7 35. Ref3 Rg7 36. Rf6 Rxa2 37. Rxh6 Ra3 0-1

[Event "Amazonense-ch"]
[Site "Manaus"]
[Date "2018.12.??"]
[Round "5"]
[White "Farias, Sergio Luiz Cardoso"]
[Black "Souza Neves, Andrey Marcelo"]
[Result "0-1"]
[WhiteElo "1543"]
[BlackElo "2086"]
[PlyCount "54"]
[EventDate "2018.12.01"]
[EventType "match"]
[EventRounds "9"]
[EventCountry "BRA"]
[SourceTitle "EXT 2022"]
[Source "ChessBase"]
[SourceDate "2021.10.06"]
[SourceVersion "1"]
[SourceVersionDate "2021.10.06"]
[SourceQuality "1"]

1. d4 Nf6 2. c4 g6 3. Nc3 d5 4. g3 Bg7 5. Bg2 c6 6. Nf3 dxc4 7. a4 0-0 8. 0-0 Na6 9. e3 Bf5 10. Ne5 Nb4 11. e4 Be6 12. d5 cxd5 13. exd5 Nbxd5 14. Nxc4 Nxc3 15. Qxd8 Rfxd8 16. Ne3 Ncd5 17. Ra3 Nxe3 18. Bxe3 Bd5 19. f3 a6 20. a5 Bc6 21. Re1 Nd5 22. Bc1 Nb4 23. Rb3 Nc2 24. Rf1 Bb5 25. Rxb5 axb5 26. b4 Nxb4 27. Ba3 Nc6 0-1

[Event "Amazonense-ch"]
[Site "Manaus"]
[Date "2018.12.??"]
[Round "9"]
[White "Presa, Luis Alberto Passos"]
[Black "Farias, Sergio Luiz Cardoso"]
[Result "1-0"]
[WhiteElo "1762"]
[BlackElo "1543"]
[PlyCount "84"]
[EventDate "2018.12.01"]
[EventType "match"]
[EventRounds "9"]
[EventCountry "BRA"]
[SourceTitle "EXT 2022"]
[Source "ChessBase"]
[SourceDate "2021.10.06"]
[SourceVersion "1"]
[SourceVersionDate "2021.10.06"]
[SourceQuality "1"]

1. d4 e6 2. e4 d5 3. Nd2 Nc6 4. Ngf3 Be7 5. c3 a6 6. Bd3 Nb8 7. 0-0 c5 8. Re1 dxe4 9. Nxe4 cxd4 10. Nxd4 Nf6 11. Bg5 Nc6 12. Nxc6 bxc6 13. Qc2 h6 14. Bf4 Nh5 15. Be5 f6 16. Bd4 e5 17. Bc5 f5 18. Bxe7 Qxe7 19. Nd2 0-0 20. Bc4+ Kh8 21. Nf3 Qc5 22. Nxe5 Kh7 23. Bb3 Nf6 24. Qd3 Ne4 25. Qd4 Qe7 26. Nxc6 Qg5 27. Qe3 Qf6 28. Nd4 Bd7 29. f3 Nc5 30. Qe7 Qb6 31. Rab1 Rae8 32. Qh4 Nd3 33. Re7 Bc8 34. Ba4 Rxe7 35. Qxe7 Rf6 36. Qe3 Nc5 37. Bc2 Ne6 38. Nxf5 Qxe3+ 39. Nxe3+ Kh8 40. Rd1 g6 41. Ng4 Rf7 42. Bxg6 Rg7 1-0

[Event "BRA-ch Amateur U1600"]
[Site "Sao Paulo"]
[Date "2018.06.02"]
[Round "6"]
[White "Farias, Sergio Luiz Cardoso"]
[Black "Haraguchi, Diego Sashaki"]
[Result "1/2-1/2"]
[WhiteElo "1592"]
[BlackElo "1302"]
[PlyCount "64"]
[EventDate "2018.05.31"]
[EventType "swiss"]
[EventRounds "7"]
[EventCountry "BRA"]
[SourceTitle "EXT 2021"]
[Source "ChessBase"]
[SourceDate "2020.10.23"]
[SourceVersion "1"]
[SourceVersionDate "2020.10.23"]
[SourceQuality "1"]

1. e4 c5 2. Nc3 Nf6 3. Bc4 g6 4. Nf3 Bg7 5. d3 Nc6 6. 0-0 0-0 7. Bg5 d6 8. Re1 Bg4 9. h3 Be6 10. Bxe6 fxe6 11. Ne2 Nd7 12. c3 e5 13. Qd2 Rf7 14. Bh6 Qc7 15. Bxg7 Kxg7 16. Ng5 Rf6 17. f4 Nf8 18. Rf1 Ne6 19. Nxe6+ Rxe6 20. f5 Rf6 21. fxg6 Rxg6 22. Rf5 Rg8 23. Raf1 Nd8 24. Rg5 Kh8 25. h4 Rxg5 26. hxg5 Ne6 27. Rf5 Qd8 28. Ng3 Nf4 29. Ne2 e6 30. Rf7 Qxg5 31. Nxf4 exf4 32. Rxf4 e5 1/2-1/2

[Event "BRA-ch Amateur U1600"]
[Site "Sao Paulo"]
[Date "2018.06.01"]
[Round "3"]
[White "Hayashi, Kouki"]
[Black "Farias, Sergio Luiz Cardoso"]
[Result "1-0"]
[WhiteElo "1312"]
[BlackElo "1592"]
[PlyCount "95"]
[EventDate "2018.05.31"]
[EventType "swiss"]
[EventRounds "7"]
[EventCountry "BRA"]
[SourceTitle "EXT 2021"]
[Source "ChessBase"]
[SourceDate "2020.10.23"]
[SourceVersion "1"]
[SourceVersionDate "2020.10.23"]
[SourceQuality "1"]

1. d4 Nf6 2. c4 d5 3. Nc3 e6 4. Nf3 a6 5. Bf4 dxc4 6. Qa4+ b5 7. Nxb5 axb5 8. Qxa8 Bb4+ 9. Nd2 Bd7 10. Qf3 Bc6 11. Qg3 0-0 12. e3 Ne4 13. Qg4 Bxd2+ 14. Ke2 Bb4 15. f3 Nf6 16. Qh3 Bd7 17. g4 Nc6 18. b3 Nd5 19. Bg3 Qg5 20. f4 Qf6 21. Bg2 Nxd4+ 22. exd4 Qxd4 23. Bxd5 Qd2+ 24. Kf1 Qxd5 25. Qg2 Qxg2+ 26. Kxg2 Bc6+ 27. Kf2 Bxh1 28. Rxh1 c3 29. Rc1 Ba5 30. Kg2 b4 31. Rd1 c5 32. Bf2 Rd8 33. Rxd8+ Bxd8 34. Bxc5 c2 35. Be3 Bb6 36. Bd2 f6 37. Kf3 Bd4 38. Ke4 Bc3 39. Kd3 Bb2 40. Kxc2 Ba3 41. Kd3 Kf7 42. Kc4 Ke7 43. Bxb4+ Bxb4 44. Kxb4 Kd6 45. Kc4 g5 46. fxg5 fxg5 47. Kd4 h6 48. a4 1-0